00546nam a2200157Ia 4500008004100000040001800041041000800059100003500067245008400102260004100186300001800227490003300245600005500278650001700333710003800350130821s1969 ck gr dspa  aCo-BoUCMbspa aspa10aTisnes, Roberto Maríad1926-10aPedro Fermín de Vargas biografía de un precursorcRoberto María Tisnés aBogotá (Colombia)bEd. Kellyc1969 a535 páginas aBiblioteca SantandervXXXIII10aVargas, Pedro Fermín ded1762-1811vBiografías04aBiografías2 aAcademia de Historia de Santander